000 01009cam a2200193 a 4500
001 000001645
005 20200929145640.0
008 840608s1974 xxud 000 0 spa d
040 _aDO-SdBNP
_bspa
_cBNPHU
082 _a512.922
_bA425t
100 1 _aAllen, Edward Switzer,
_d1887-
_95367
245 1 0 _aTablas matemáticas con seis decimales /
_cAllen, Baldor.
260 _a[Nueva York] :
_b[Minerva Books],
_c[1974].
300 _a239 p. :
_bil., tablas ;
_c19 cm.
500 _aTablas de cuadrados, cubos, raíces cuadradas, raíces cúbicas, potencias y raíces quintas, circunferencias y áreas de círculos, logaritmos comunes de los números y de las funciones trigonométricas, funciones trigonométricas naturales, logaritmos naturales, exponenciales y funciones hiperbólicas, tablas para el cálculo de errores, curvas y superficies, integrales elípticas e integrales y constantes más usuales.
650 4 _aTablas matemáticas
_95368
650 4 _aLogaritmos
_95369
700 1 _aBaldor, F. J.
_95370
999 _c1532
_d1532